000 00454nam a2200181Ia 4500
001 650
005 20260306140533.0
008 260306t2003||||xx |||||||||||||| ||spa||
041 _aESP
082 _a128
_bY49
100 _aYepes Stork, Ricardo
_eAUT
245 0 _aFundamentos de antropologĂ­a :
_bun ideal de la excelencia humana
260 _c2003
300 _a375 páginas :
_c24 cm.
650 _aGEN
654 _aCHU
942 _cLIB
_dJUS
_fJUS
_2ddc
_n
999 _c650
_d650